00842nam a22002417a 4500001000700000003000900007005001700016007000700033008004600040020001500086040002200101082001500123100002000138245007500158260005300233300002100286500006500307942001200372945003600384952012300420956004000543999001700583000582DO-SdBNP20180130103206.0000582161020b 2004 ck ||||| |||| 00| 0 spa d a9587080939 aBPMSUbspacBPMSU axxxxbxxxx1 aCortés, David10aHe caído tantas veces que el viento es mi maestro /cDavid Cortés. aBucaramanga, Colombia : bSic Editorial, c2004. a62 p. ;c21 cm.  a La biblioteca posee un ejemplar autografiado por el autor. 2ddccBK aInventario extranjero / 2018 VM 00102ddc40708CGaBPMETbBPMETd2016-10-20eDavid Cortésl0oxxxx xxxxpBPMSU16100312r2016-10-20w2016-10-20yBK 2LOPEREZ3106201610208BPMSUa00041 c11641d11641